000 00502nam a2200157 a 4500
001 000026208
005 20200930024408.0
008 110304s1972 dr 000 0 spa d
040 _aDO-SdBNP
_bspa
_cBNPHU
100 1 _aRosario Ramos, Tomás
_926353
245 1 0 _aIdeas, personas y cosas :
_blibro de ensayos y anecdotario /
_cTomás Rosario Ramos.
250 _a2a ed. rev. y ampl.
260 _aSanto Domingo :
_bEditorial Librería Dominicana,
_c1972.
300 _a201 P. ;
_c21 cm.
049 _aBNPD
999 _c25700
_d25700